Brawl Stars - Guess the Brawler from the voiceline - Statistics

General Stats
  • This quiz has been taken 772 times
  • The average score is 11 of 16
Answer Stats
Hint Answer % Correct
"Let's go get em!" Shelly
90%
"The box goes boom!" Brock
84%
"Time to release some steam, choo-choo!" Chuck
82%
"Birds are singing!" Dynamike
82%
"100% certified pirate!" Darryl
81%
"I could do this if I wanted to." Edgar
80%
"Try to keep up" Max
68%
"Fertilizing" Sprout
67%
"Rocket fueled awesomeness!" Janet
63%
"Constructing" Jessie
61%
"To protect and serve" Surge
60%
"Potential satisfaction, guaranteed" Byron
57%
"100% certified flavor sauce" Lou
52%
"Things exploding" Grom
51%
"You butter believe it" Fang
48%
"How do you like your eggs?" Eve
32%
No matching quizzes found
Score Distribution
Percent of People with Each Score
Percentile by Number Answered
Your Score History
You have not taken this quiz